000 00423nam a2200181Ia 4500
001 2575
005 20260306144817.0
008 260306t2005||||xx |||||||||||||| ||spa||
041 _aESP
082 _a616.8915
_bM61
100 _aMinuchin, Salvador
_eAUT
245 0 _aFamilias y terapia familiar
260 _c2005
300 _a349 páginas :
_c20 cm.
650 _aGEN
654 _aCPS
942 _cLIB
_dJUS
_fJUS
_2ddc
_n
999 _c2575
_d2575